Foundations for microstrip circuit design /

Bibliographic Details
Main Author: Edwards, T. C. (Terence Charles)
Format: Book
Language:English
Published: Chichester, [England] ; New York : J. Wiley, [1981]
Subjects:

MARC

Tag First Indicator Second Indicator Subfields
LEADER 00000cam a2200000 i 4500
001 in00000071169
005 20151008062104.0
008 810108s1981 enka b 00110 eng
010 |a  80041687  
015 |a GB81 
020 |a 0471279447 :  |c £15.00 (U.K.) 
035 |a (OCoLC)07197495 
035 |9 AAJ9493AM 
040 |a DLC  |c DLC  |d m.c.  |d TXA  |d UtOrBLW 
049 |a TXAM  |c 1 [1803511], 2 [A10800085] 
050 0 0 |a TK7876  |b .E38 1981 
082 0 |a 621.381/32  |2 19 
090 |a TK7876  |b .E38 
100 1 |a Edwards, T. C.  |q (Terence Charles) 
245 1 0 |a Foundations for microstrip circuit design /  |c T. C. Edwards. 
264 1 |a Chichester, [England] ;  |a New York :  |b J. Wiley,  |c [1981] 
264 4 |c ©1981 
300 |a xiv, 265 pages :  |b illustrations ;  |c 24 cm. 
336 |a text  |b txt  |2 rdacontent 
337 |a unmediated  |b n  |2 rdamedia 
338 |a volume  |b nc  |2 rdacarrier 
500 |a "A Wiley-Interscience publication." 
504 |a Includes bibliographical references and index. 
650 0 |a Microwave integrated circuits. 
650 0 |a Strip transmission lines. 
999 |a MARS 
999 f f |s 9ba29f31-53f7-3ae4-a26e-ea3895801bf4  |i af1e25c6-9f41-383a-aefb-4a8b29e122a6  |t 0 
952 f f |p normal  |a Texas A&M University  |b College Station  |c Sterling C. Evans Library  |d Evans: Library Stacks  |t 0  |e TK7876 .E38  |h Library of Congress classification  |i unmediated -- volume  |m A14810800085 
998 f f |a TK7876 .E38  |t 0  |l Evans: Library Stacks